00569nam a22001817a 450000500170000001000140001702000260003102000230005703500130008003700130009308200100010610000200011624500640013626000460020027000690024630000220031550000500033720100812114028.0 aENG-99862 a9789380009018c140.00 a9380009011c140.00 aEN-83394 bDBAD/PUB a300.1 aMohapatra, A.R. aSocial philosophy of Swami Vivekananda /cby A.R. Mohapatra aNew DelhibReadworthy Publications c2009 bNew DelhaA-18, Mohan Garden Near Nawada Metro Statione11005906 a110p.c22cm (pbk) aIncludes bibliographical references and index